000 00820cam a2200253 a 4500
001 3996503
003 OSt
005 20160810093955.0
008 960214s1996 riua 000 0deng
010 _a 96005350
020 _a9780740930645
040 _aSEKU
050 0 0 _aPS 3551
_b.W5 2009
082 0 0 _a813/.54
_220
245 1 0 _aWhy write? /
_bthe honors 150 handbook.
250 _a3rd ed.
260 _aProvidence :
_bByu Academic Publishing,
_c2009.
300 _a360 p. :
_bill.
650 0 _aAuthorship.
650 0 _aWriting.
700 _aJorgensen, Susan.
_4Coordinator.
942 _2lcc
_cGEN
999 _c15317
_d15317